Hội làng quê đi từ đất Tổ
Giới thiệu về hội đền Hùng - cội nguồn dân tộc như hội đền Hùng, giỗ tổ Hùng vương; văn hóa văn lang và hội làng quê, hội và văn hóa ẩm thực tìm về cội nguồn.
Đã lưu trong:
| Tác giả chính: | |
|---|---|
| Định dạng: | Sách |
| Năm xuất bản: |
H.
Lao động
2011
|
| Chủ đề: | |
| Tags: |
Thêm thẻ
Không có thẻ, Hãy là người đầu tiên gắn thẻ bản ghi này!
|
| LEADER | 00790nam a2200169 4500 | ||
|---|---|---|---|
| 082 | |a 394.26 |b NG527KH | ||
| 100 | |a Nguyễn Khắc Xương | ||
| 245 | |a Hội làng quê đi từ đất Tổ |c Nguyễn Khắc Xương | ||
| 260 | |a H. |b Lao động |c 2011 | ||
| 300 | |a 640tr. |c 21cm | ||
| 520 | |a Giới thiệu về hội đền Hùng - cội nguồn dân tộc như hội đền Hùng, giỗ tổ Hùng vương; văn hóa văn lang và hội làng quê, hội và văn hóa ẩm thực tìm về cội nguồn. | ||
| 653 | |a Lễ hội dân gian Việt Nam | ||
| 653 | |a Phú Thọ | ||
| 653 | |a Văn hóa dân gian | ||
| 942 | |2 ddc |c SH | ||
| 999 | |c 7709 |d 7709 | ||
| 952 | |0 0 |1 0 |2 ddc |4 0 |6 394_260000000000000_NG527KH |7 0 |8 300 |9 68614 |a qbu |b qbu |c D2 |d 2015-03-16 |o 394.26 NG527KH |p 7822.C1 |r 0000-00-00 |w 2015-03-16 |y SH | ||